Books Without 'TITLES' Quiz Stats

 Plays Quiz Updated Oct 1, 2016

Challenge
Share
Tweet
Embed
Score 0/24 Timer 05:00
4 Plays Today
Clue Complete Title % Correct
ord of h FLord of the Flies
89.2%
nrvw wh h VamprInterview with the Vampire
86.5%
A a of wo CA Tale of Two Cities
84.9%
Aa hruggdAtlas Shrugged
82.8%
h Ag of nnocncThe Age of Innocence
82.6%
UyUlysses
81.9%
h Wnd n h WowThe Wind in the Willows
81%
h hr MukrThe Three Musketeers
79%
MadaMatilda
78.4%
Guvr' ravGulliver's Travels
76.4%
h MamorphoThe Metamorphosis
75.9%
And hn hr Wr NonAnd Then There Were None
72%
Clue Complete Title % Correct
oaLolita
71.7%
n and nbySense and Sensibility
70.7%
h nvb ManThe Invisible Man
70.1%
h rangrThe Stranger
67.7%
h car rThe Scarlet Letter
67.3%
f of PLife of Pi
62.4%
h AchmThe Alchemist
60%
BovdBeloved
59.9%
a of dnEast of Eden
57.4%
h un Ao RThe Sun Also Rises
51.5%
on and ovrSons and Lovers
49.7%
o h ghhouTo the Lighthouse
49.4%

You're not logged in!

Compare scores with friends on all Sporcle quizzes.
OR
Log In

You Might Also Like...

Show Comments

Extras

Top Quizzes Today


Score Distribution

Your Account Isn't Verified!

In order to create a playlist on Sporcle, you need to verify the email address you used during registration. Go to your Sporcle Settings to finish the process.

Report this User

Report this user for behavior that violates our Community Guidelines.

Details: